000 00596nam a2200205Ia 4500
003 GCL
008 140319s9999 xx 000 0 ara d
040 _aGCL /
_cGCL
082 0 4 _a829.3
_bب ث
100 1 _aمحمد ابراهيم زكى
245 1 0 _aالثورة /
_cمحمد ابراهيم زكى
700 1 _aيبرينو، ليفيور
700 1 _aمصطفى حبيب
300 _a530 ص
490 _aالالف كتاب
_v0
650 0 4 _aالقصص الرومانسية
650 0 4 _aالادب الرومانى
650 0 4 _aالقصص الرومانية
942 _2ddc
_cBK
999 _c43559
_d43559